000 00609nam a2200205 a 4500
005 20240806063919.0
008 060221s1998 mx r 000 0 spa d
020 _a9681102991
035 _aUPN01000142587
049 _aCG
050 4 _aPQ7297 P4.2
_bO3.7
100 1 _aPoniatowska, Elena,
_d1933-
245 1 0 _aOctavio Paz :
_blas palabras del árbol /
_cElena Poniatowska.
260 _aMéxico :
_bPlaza & Janés,
_cc1998.
300 _a231 p. :
_bil.
600 1 4 _aPAZ, OCTAVIO,
_d1914-1998
650 4 _aLiteratura mexicana
_94466
650 4 _aAUTORES MEXICANOS -
_vBIOGRAFIA
_94062
905 _aLibro
999 _c114734
_d114734